000
00330nam a2200133Ia 4500
005
20251222144854.0
008
251222s9999||||xx |||||||||||||| ||spa||
020
_a
9972-600-61-0
082
_a
285.10/L94
100
_a
Lozano Barragán, Javier
245
0
_a
Teología y Medicina
264
_b
Vida y Espiritualidad
942
_c
LIB
999
_c
21700
_d
21700